00365nam a2200121Ia 4500008004100000041000800041082001300049100002000062245007100082260005400153300001500207999002100222231228s1997 xx 000 0 und d aeng a510bDEO aDEO (Narsingh ) aGraph Theory with applications to engineering and computer science aNew DelhibPrentice Hall of India New Delhic1997 axviii, 478 c1082088d1082088